000 00706nam a22002177a 4500
003 UA-OsUOA
001 131093
007 ta
008 20180521b un ||||| |||| 00| 0 ukr d
100 _aТетеріна О.
090 _a82
_bТ37
942 _cSA
040 _aUA-OsUOA
_bukr
_cUA-OsUOA
_dUA-OsUOA
245 _aУкраїнська перекладознавча думка другої половини ХІХ - початку ХХ століття у проекції сучасної компаративістики
300 _aС.45-59
955 _a0
041 _aukr
080 _a82
773 0 _w131090
650 7 _a82 Література. Літературознавство
_2UDC
999 _c419138
_d419138